Calculo de corrientes de cortocircuito en redes electricas de distribucion

Salvato in:
Dettagli Bibliografici
Autore principale: López Camacho, Alexánder
Natura: Libro
Pubblicazione: [San José, Costa Rica] 2004
Soggetti:
Tags: Aggiungi Tag
Nessun Tag, puoi essere il primo ad aggiungerne!!

MARC

LEADER 00000nam a2200000Ia 4500
003 009411
005 20221231144135.0
008 140114s2004 cr a m 000 ||s d
040 |c cru CEDI 
090 |a TFG 4954 
100 |a López Camacho, Alexánder   |9 6287 
245 |a Calculo de corrientes de cortocircuito en redes electricas de distribucion 
260 |c 2004  |a  [San José, Costa Rica] 
300 |a  1 volumen ( en varias paginaciones) : ilustraciones (principalmente a color)  
500 |a Proyecto de graduación (bachillerato en ingeniería eléctrica)--Universidad de Costa Rica. Facultad de Ingeniería. Escuela de Ingeniería Eléctrica 
650 |x CORRIENTES ELECTRICAS   |x CORTOCIRCUITOS  |9 3589 
942 |c TFG 
999 |c 17466  |d 17466